000 01311nam0a2200325 4500
001 RU\NLR\bibl\840480
005 20260405063020.0
010 _a5-9524-1676-4
_94000
021 _aRU
_b2005-48559
_92366
035 _a(NLR Aleph) 000829306
090 _a1350569
_c1350569
100 _a20050914d2005 |||y0rusy50 ca
101 1 _arus
_ceng
102 _aRU
105 _ab |||||||||
200 1 _aИстория русской картографии
_dA History of russian cartography
_fЛео Багров
_g[пер. с англ. Е.В. Ламановой]
_zeng
210 _aМосква
_cЦентрполиграф
_d2005
215 _a522, [1] c.
_cкарт.
_d22
300 _aАвт. также на англ. яз.: Leo Bagrow
320 _aБиблиогр.: с. 512-521
510 0 _6z55790
_aA History of russian cartography
_zeng
606 1 _aКартография
_xИстория
_yРоссия
_92319190
_3RU\NLR\auth\661387544
686 _aД17г(2)
700 1 _4070
_8rus
_7ca
_aБагров
_bЛ. С.
_f1881-1957
_gЛев Семенович
_3RU\NLR\auth\7721595
_94656
790 1 _4070
_8rus
_7ba
_aBagrov
_bL. S.
_f1881-1957
_gLev Semenovič
_3RU\NLR\auth\7721604
_94665
801 0 _aRU
_bNLR
_c20050914
_grcr
801 1 _aRU
_bNLR
_c20050914
942 _cBOOK
980 _aNB